| 000 | 01046nmc a2200349 a 4500 | ||
|---|---|---|---|
| 003 | AR-BaBNM | ||
| 005 | 20251128211720.0 | ||
| 008 | 036020s2005 ||||||||||||||000 | spa|| | ||
| 020 | _a987-20149-2-2 | ||
| 040 | _cAR-BaBNM | ||
| 245 | 1 | 0 |
_aEducación y desarrollo local : tensiones y perspectivas _breflexiones sobre experiencias en la región andina |
| 250 | _a1ª ed. | ||
| 260 |
_aBuenos Aires _bIIPE - UNESCO _c2005 |
||
| 300 | 0 | _a348 p. | |
| 490 | 0 | _aConjuntos integrales de proyectos. Fundación W.K. Kellogg | |
| 650 | 4 | _aEDUCACION Y DESARROLLO | |
| 650 | 4 | _aPOLITICA EDUCATIVA | |
| 650 | 4 | _aCOOPERACION REGIONAL | |
| 650 | 4 | _aPROGRAMAS DE EDUCACION | |
| 651 | 4 | _aAmérica Latina | |
| 651 | 4 | _aPerú | |
| 651 | 4 | _aEcuador | |
| 651 | 4 | _aBolivia | |
| 653 | 0 | _aPLANEAMIENTO EDUCATIVO | |
| 653 | 0 | _aGESTION EDUCATIVA | |
| 700 | 1 |
_aHernaiz, Ignacio _ecompilador |
|
| 700 | 1 |
_aSanjinés Chávez, Erick _ecompilador |
|
| 700 | 1 |
_aVillarán, Verónica _ecompilador |
|
| 810 | 2 | _aIIPE | |
| 942 | _cBK | ||
| 998 | _craquel | ||
| 999 |
_c20831 _d20831 |
||